| 000 | 01363nam a2200349 a 4500 | ||
|---|---|---|---|
| 001 | 000114427 | ||
| 003 | CHAP | ||
| 005 | 20220329144440.0 | ||
| 008 | 180125s2017 mx sm |||||||spa d | ||
| 010 | _a110888 | ||
| 011 | _a111860 | ||
| 040 | _cCHAP | ||
| 090 | _aTesis | ||
| 100 | 1 |
_aSoriano Flores, Emmanuel _9134473 |
|
| 245 | 1 | 0 |
_aBurocracia como forma de dominación legal en la educación agrícola superior española _h[En línea] _bpersepción de los actores académicos / _cpor Emmanuel Soriano Flores. |
| 260 |
_aChapingo, Méx. : _bEl autor, _c2017. |
||
| 500 | _aPara ver el contenido del material haga clic en la liga | ||
| 502 | _aTesis (Ph.D. en Ciencias en Educación Agrícola Superior) -- UACH. Departamento de Sociología Rural | ||
| 590 |
_aBATCH-UPD _b05 _c20180125 _lUCH01 _h0912 |
||
| 590 |
_aE11695DGD _b10 _c20180126 _lUCH01 _h0911 |
||
| 590 |
_aE6339RRR _b05 _c20180125 _lUCH01 _h0911 |
||
| 590 |
_aE6339RRR _b05 _c20180125 _lUCH01 _h0912 |
||
| 590 |
_aE6339RRR _b05 _c20180125 _lUCH01 _h0958 |
||
| 650 | 1 | 4 |
_aAlumnos universitarios _vEncuestas. _9134475 |
| 650 | 1 | 4 |
_aEducacion superior _zCalidad. _935403 |
| 650 | 1 | 4 |
_aMaestros _xEvaluación. _969755 |
| 650 | 1 | 4 |
_aUniversidades _xAdministración. _9116596 |
| 856 |
_aFinding aid _uhttp://10.13.5.2/tesis/sist114427.pdf _zTeclea aquí |
||
| 901 | _aBK | ||
| 942 | _cLIBRO | ||
| 942 | _n0 | ||
| 999 |
_c110888 _d110888 |
||